000 00520nam a2200181Ia 4500
003 GCL
008 140319s9999 xx 000 0 eng d
040 _aGCL /
_cGCL
082 0 4 _a370.15
_bE S
100 1 _aEGGEN, PAUL
245 1 0 _aSTUDENT SUPPLEMENT TO ACCOMPANY EDUCATIONAL PSYCHOLOGY: CLASSROOM CONNECTIONS /
_cEGGEN, PAUL
700 1 _aKOUCHALC, DON
260 _a[S.N] :
_bMACMILLAN COLLEQE PUBLISHING COMPANY ،
_c1994
300 _a123 P
650 0 4 _aEDUCATION
650 0 4 _aTEST ITEMS
942 _2ddc
_cBK
999 _c17124
_d17124